00742nam a2200241 a 4500001001300000003000900013005001700022008004100039020001000080082001600090100002500106245006900131260004500200300000900245500003500254505001700289650003600306700002500342902000800367942000700375952010300382999001500485nice12345678IN_TiNIC20260116011851.0050524s1974 newa grp 000 0 eng  ac10000a291.82bCAT aCate, Patrick O`Hair aMuslims Views of the Bible and the Christians View of the Qur`an aNew DelhibVikas Publication Housec1974 a310p aincludes index and biblioraphy2 abibliography aComparative Religion-Scriptures1 aCate, Patrick O`Hair bSRS cBK 00104070aHMIbHMIcREFd2007-07-20g100.00l0o291.82 CATp08878r2007-07-20w2026-01-16yTHES c4566d4566